Normal view MARC view

Entry Uniform Title

Number of records used in: 1

001 - CONTROL NUMBER

  • control field: 39372

003 - CONTROL NUMBER IDENTIFIER

  • control field: dpl

005 - DATE AND TIME OF LATEST TRANSACTION

  • control field: 20120117122336.0

008 - FIXED-LENGTH DATA ELEMENTS

  • fixed length control field: 120117|||a|||||| | ||| d

040 ## - CATALOGING SOURCE

  • Original cataloging agency: dpl
  • Transcribing agency: dpl

130 ## - HEADING--UNIFORM TITLE

  • Uniform title: सीरीज़ संपादिका:गीता धर्मराजन

670 ## - SOURCE DATA FOUND

  • Source citation: Work cat.: (dpl)61042: भीखू की डायरी /, 2010

670 ## - SOURCE DATA FOUND

  • Source citation: Work cat.: (dpl)61042: भीखू की डायरी /, 2010

© Delhi Public Library
Hit Counter
free hit counter